000 00331nam a2200157Ia 4500
008 240830s1934 xx 000 0 und d
041 _ahin
082 _a1
100 _aKIJAWADEKAR
245 _aSUBHNTPRKARAN
250 _a1
260 _bN.D.
_c1934
300 _a100p
906 _aSUBHNTPRKARAN
999 _c1183897
_d1183897